000 00708nam2a2200205 4500
001 RU\NLR\PER_A\010792297_000890
005 20250626161443.0
035 _a(NLR Aleph) 011969052
090 _a11246134
_c11246134
100 _a20190322d2019 |||y0rusy50 ca
101 0 _arus
102 _aRU
200 0 _a2019, № 1 (45)
210 _d2019
_aБ. м.
461 0 _1001RU\NLR\Per\1135213
_12001#$aСваты. Заготовки$eжурнал$fТолока$v2019, № 1 (45)
_910119657
_cСмоленск
_d2015 -
_fТолока
_nТолока
_oжурнал
_tСваты. Заготовки
_x2411-0787
_v2019, № 1 (45)
852 _aNLR
_jП11/6057
942 _cISSUE
980 _aNB
980 _aRUSPER